[Event "NCL978b White Rose-Simpsons"]
[Site "Rd7"]
[Date "1998.03.21"]
[Round "7.1"]
[White "Dunnington, Angus"]
[Black "Norwood, David"]
[Result "0-1"]
[WhiteElo "2390"]
[BlackElo "2515"]
[PlyCount "64"]
[EventDate "1998.03.21"]

1. Nf3 g6 2. d4 Bg7 3. e4 d6 4. c3 Nf6 5. Bd3 O-O 6. O-O Nbd7 7. Na3 e5 8. Nc4
exd4 9. cxd4 d5 10. exd5 Nb6 11. Bg5 Qxd5 12. Rc1 c6 13. h3 Be6 14. Re1 Rfe8
15. b3 Rad8 16. Qd2 Qd7 17. Nce5 Qe7 18. Ng4 Nbd5 19. Re2 Qf8 20. Nge5 h6 21.
Bh4 g5 22. Nxg5 hxg5 23. Qxg5 Nb4 24. Bb1 Rxd4 25. Rce1 Nbd5 26. Nf3 Rb4 27.
Bg3 Nc3 28. Rd2 Nxb1 29. Bd6 Nxd2 30. Bxf8 Nxf3+ 31. gxf3 Rxf8 32. Kh2 Rb5 0-1

[Event "NCL978b White Rose-Simpsons"]
[Site "Rd7"]
[Date "1998.03.21"]
[Round "7.3"]
[White "Barrett, Stephen"]
[Black "Tozer, Richard"]
[Result "1-0"]
[WhiteElo "2240"]
[BlackElo "2305"]
[PlyCount "53"]
[EventDate "1998.03.21"]

1. d4 f5 2. c4 Nf6 3. Nc3 g6 4. h4 Bg7 5. h5 c6 6. h6 Bf8 7. Bg5 e6 8. d5 Bc5
9. Nh3 e5 10. d6 O-O 11. a3 a5 12. Na4 Na6 13. b4 Bd4 14. Rb1 axb4 15. axb4 b5
16. e3 bxa4 17. exd4 exd4 18. Qxd4 Rb8 19. c5 Qe8+ 20. Kd1 Qf7 21. Bc4 Nd5 22.
Re1 Nxc5 23. Qxc5 Re8 24. Re7 Rxe7 25. Bxe7 f4 26. Qd4 Ba6 27. Ng5 1-0

[Event "NCL978b White Rose-Simpsons"]
[Site "Rd7"]
[Date "1998.03.21"]
[Round "7.4"]
[White "Mortazavi, Ali"]
[Black "Gayson, Peter"]
[Result "1-0"]
[WhiteElo "2385"]
[BlackElo "2240"]
[PlyCount "77"]
[EventDate "1998.03.21"]

1. e4 c5 2. c3 d5 3. exd5 Qxd5 4. d4 e6 5. Nf3 Nc6 6. Be3 cxd4 7. cxd4 Nf6 8.
Nc3 Bb4 9. Bd3 O-O 10. O-O Qd8 11. a3 Be7 12. Bc2 b6 13. Qd3 g6 14. Rad1 Bb7
15. Bh6 Re8 16. Bb3 Na5 17. Ba2 Bd5 18. Nxd5 Nxd5 19. Ne5 Rc8 20. Qf3 f5 21.
Rfe1 Bf6 22. Rc1 Rxc1 23. Rxc1 Bxe5 24. dxe5 Qd7 25. Rd1 Kf7 26. b4 Nc6 27. h3
Nce7 28. Bg5 Rd8 29. Qg3 Qa4 30. Rd2 Rd7 31. Qh4 h5 32. Bxe7 Rxe7 33. Bxd5 exd5
34. Qf6+ Ke8 35. Rxd5 Qxa3 36. Qxg6+ Rf7 37. Qg8+ Ke7 38. Qd8+ Ke6 39. Qd6# 1-0

[Event "NCL978b White Rose-Simpsons"]
[Site "Rd7"]
[Date "1998.03.21"]
[Round "7.5"]
[White "Potts, Alan"]
[Black "Wade, Robert"]
[Result "1-0"]
[WhiteElo "2290"]
[BlackElo "2220"]
[PlyCount "103"]
[EventDate "1998.03.21"]

1. e4 d6 2. d4 Nf6 3. Bd3 Nc6 4. Nf3 Bg4 5. c3 e5 6. d5 Ne7 7. Nbd2 Ng6 8. h3
Bd7 9. Nc4 Be7 10. O-O O-O 11. Re1 c5 12. a4 Ne8 13. b4 b6 14. bxc5 bxc5 15.
Qc2 Nh4 16. Nxh4 Bxh4 17. Rf1 Bg5 18. f4 exf4 19. Bxf4 g6 20. Bh2 Bc8 21. e5
Ba6 22. Nxd6 Nxd6 23. Bxa6 c4 24. a5 Nf5 25. Rxf5 gxf5 26. Bxc4 Be3+ 27. Kh1
Qg5 28. Rf1 f4 29. Qe4 Qg6 30. Qxg6+ hxg6 31. Bxf4 Bxf4 32. Rxf4 Rac8 33. d6
Kg7 34. a6 g5 35. Re4 Rc5 36. Kg1 Re8 37. Kf2 Kf8 38. Ke3 Rexe5 39. Rxe5 Rxe5+
40. Kd4 f6 41. Bd5 Re1 42. Kc5 Ke8 43. Kc6 Kd8 44. c4 Rb1 45. c5 f5 46. Be6 f4
47. Bg4 Rb2 48. Bf3 Rb3 49. Kd5 Rd3+ 50. Kc4 Rd2 51. Kc3 Ra2 52. c6 1-0

[Event "NCL978b White Rose-Simpsons"]
[Site "Rd7"]
[Date "1998.03.21"]
[Round "7.7"]
[White "Tan, Desmond"]
[Black "Hennigan, Rita"]
[Result "0-1"]
[WhiteElo "2110"]
[BlackElo "2225"]
[PlyCount "136"]
[EventDate "1998.03.21"]

1. e4 c5 2. Nf3 d6 3. d4 cxd4 4. Nxd4 Nf6 5. Nc3 Nc6 6. Bc4 e6 7. O-O Be7 8.
Be3 O-O 9. Bb3 Qc7 10. h3 Na5 11. Qe2 a6 12. a4 e5 13. Nf5 Bxf5 14. exf5 Nxb3
15. cxb3 d5 16. Bg5 Rad8 17. Rac1 Qd6 18. Rfe1 d4 19. Ne4 Nxe4 20. Bxe7 Qxe7
21. Qxe4 f6 22. Rc4 Rfe8 23. Rec1 Rd7 24. Rc8 Red8 25. Rxd8+ Qxd8 26. Qd3 h6
27. Kf1 Re7 28. f3 Qd5 29. Qc4 Qxc4+ 30. Rxc4 g6 31. fxg6 Kg7 32. Ke2 Kxg6 33.
Rc8 h5 34. b4 Kf5 35. Rh8 Kg5 36. Rg8+ Kf5 37. Rh8 Kg6 38. Rc8 h4 39. Kd3 Kf5
40. Rg8 Rc7 41. Rg4 Rh7 42. Rg8 Ke6 43. f4 Kf5 44. fxe5 fxe5 45. Rf8+ Ke6 46.
Ke4 Rg7 47. Re8+ Kf6 48. Rxe5 Rxg2 49. Rf5+ Ke6 50. Re5+ Kf6 51. Rf5+ Kg6 52.
Rd5 Rxb2 53. Rxd4 Rb3 54. Kf4 Rxh3 {(Draw offer)} 55. Rd6+ Kh5 56. Rd5+ Kg6 57.
Rd6+ Kh5 58. Rb6 Ra3 59. a5 h3 60. Rxb7 Rb3 61. Kf5 Rf3+ 62. Ke4 Rf6 63. Rh7+
Kg4 64. Rg7+ {(Draw offer)} Kh4 65. Ke5 Rf1 66. Rg6 h2 67. Rxa6 Kg5 68. Ra8
Re1+ 0-1

[Event "NCL978b White Rose-Simpsons"]
[Site "Rd7"]
[Date "1998.03.21"]
[Round "7.8"]
[White "Chan, Nevil"]
[Black "Forbes, Cathy"]
[Result "0-1"]
[WhiteElo "2016"]
[BlackElo "2105"]
[PlyCount "72"]
[EventDate "1998.03.21"]

1. f4 g6 2. Nf3 Bg7 3. g3 b6 4. Bg2 Bb7 5. d3 f5 6. O-O Nf6 7. Qe1 O-O 8. c3 c5
9. Nbd2 Nc6 10. a4 Qc7 11. Nc4 a6 12. e4 fxe4 13. dxe4 b5 14. Ne3 Na5 15. e5
Ne4 16. Qd1 e6 17. Qc2 c4 18. axb5 Nb3 19. Rxa6 Bxa6 20. bxa6 d5 21. exd6 Nxd6
22. Ng5 Rae8 23. f5 Nxf5 24. Nxf5 Rxf5 25. Rxf5 gxf5 26. Be3 Nc5 27. a7 Qxa7
28. Qf2 Qa1+ 29. Bf1 Nd3 30. Qg2 Qxb2 31. Qh3 h6 32. Qh5 Re7 33. Nf3 Qxc3 34.
Qg6 Qf6 35. Qh5 Ne5 36. Kf2 Ng4+ 0-1

[Event "NCL978b Gwent Dragons-Wessex"]
[Site "Rd8"]
[Date "1998.03.22"]
[Round "8.1"]
[White "Jones, Iolo"]
[Black "Rossiter, Philip"]
[Result "1/2-1/2"]
[WhiteElo "2245"]
[BlackElo "2370"]
[PlyCount "68"]
[EventDate "1998.03.22"]

1. d4 Nf6 2. Nf3 e6 3. Bg5 c5 4. c3 h6 5. Bh4 b6 6. Nbd2 Bb7 7. e3 Be7 8. Bg3
O-O 9. Be2 d6 10. h3 Nbd7 11. O-O a6 12. Qc2 Rc8 13. Rad1 b5 14. Qb1 Qb6 15. e4
cxd4 16. cxd4 d5 17. Bd3 dxe4 18. Nxe4 Nxe4 19. Bxe4 Bxe4 20. Qxe4 Nf6 21. Qe2
Nd5 22. Rc1 Qb7 23. Qe4 Rxc1 24. Rxc1 Rc8 25. Bf4 Rxc1+ 26. Bxc1 Bf6 27. Qc2
Nb4 28. Qb3 Qc7 29. Bxh6 gxh6 30. Qxb4 Qc1+ 31. Kh2 Qf4+ 32. Kg1 Qc1+ 33. Kh2
Qf4+ 34. Kg1 Qc1+ 1/2-1/2

[Event "NCL978b Gwent Dragons-Wessex"]
[Site "Rd8"]
[Date "1998.03.22"]
[Round "8.2"]
[White "Corkett, Anthony"]
[Black "Varley, Peter"]
[Result "0-1"]
[WhiteElo "2295"]
[BlackElo "2210"]
[PlyCount "92"]
[EventDate "1998.03.22"]

1. d4 Nf6 2. Nf3 g6 3. c4 Bg7 4. Nc3 d5 5. g3 c6 6. Bg2 O-O 7. O-O dxc4 8. a4
Nd5 9. e4 Nxc3 10. bxc3 c5 11. d5 Bxc3 12. Bh6 Bxa1 13. Qxa1 f6 14. Bxf8 Qxf8
15. Rc1 Bg4 16. Rxc4 Nd7 17. Nd2 Qh6 18. Qe1 Rc8 19. e5 Bf5 20. g4 Nxe5 21.
gxf5 Nxc4 22. Nxc4 Kh8 23. d6 exd6 24. Nxd6 Rf8 25. Bxb7 gxf5 26. Bd5 f4 27.
Kh1 Qh5 28. Qe6 f3 29. Nf5 Qh3 30. Ne3 Qxe6 31. Bxe6 Rb8 32. h4 Rb2 33. Kg1 Rb4
34. a5 Rxh4 35. a6 Ra4 36. Bc4 f5 37. Bf1 f4 38. Nc4 Rxa6 39. Ne5 Ra3 40. Bc4
Kg7 41. Kh2 Rc3 42. Bd5 a5 43. Nxf3 a4 44. Ng5 a3 45. Ne6+ Kf6 46. Nxf4 Ke5 0-1

[Event "NCL978b Gwent Dragons-Wessex"]
[Site "Rd8"]
[Date "1998.03.22"]
[Round "8.3"]
[White "Borg, Andy"]
[Black "Yeo, Michael"]
[Result "1-0"]
[WhiteElo "2135"]
[BlackElo "2210"]
[PlyCount "81"]
[EventDate "1998.03.22"]

1. d4 d5 2. c4 Nc6 3. cxd5 Qxd5 4. e3 e5 5. Nc3 Bb4 6. Bd2 Bxc3 7. bxc3 Qd6 8.
Bd3 Nge7 9. Ne2 O-O 10. O-O f5 11. Bc4+ Kh8 12. f3 Na5 13. Bd3 c5 14. c4 Nac6
15. d5 Nd8 16. Nc3 Bd7 17. a4 Rf6 18. Be1 Rh6 19. f4 {(Draw offer)} exf4 20.
exf4 Nf7 21. Qf3 Re8 22. Ne2 Qc7 23. Bc3 Nd6 24. Ng3 Ng8 25. Nh5 Nf6 26. Nxf6
gxf6 27. Rfe1 Kg7 28. a5 Kf8 29. Rxe8+ Bxe8 30. Re1 Bf7 31. Qe3 b5 32. axb6
axb6 33. Rb1 Ne4 34. Be1 Bg6 {(Draw offer)} 35. Bxe4 fxe4 36. Bg3 f5 37. Qc3
Bh5 38. Qh8+ Kf7 39. Ra1 Be2 40. Ra8 Bxc4 41. Qg8+ 1-0

[Event "NCL978b Gwent Dragons-Wessex"]
[Site "Rd8"]
[Date "1998.03.22"]
[Round "8.4"]
[White "Neil, David"]
[Black "Saunders, Nigel"]
[Result "1/2-1/2"]
[WhiteElo "2265"]
[BlackElo "2135"]
[PlyCount "86"]
[EventDate "1998.03.22"]

1. e4 e6 2. d3 c5 3. g3 Nc6 4. Bg2 Nf6 5. f4 d6 6. Nf3 Qc7 7. a4 Bd7 8. O-O Be7
9. h3 Rb8 10. c3 a6 11. Qe2 O-O 12. g4 b5 13. axb5 axb5 14. e5 dxe5 15. fxe5
Nd5 16. c4 bxc4 17. dxc4 Ndb4 18. Nc3 Nd4 19. Qd1 Bc6 20. Nxd4 cxd4 21. Qxd4
Bxg2 22. Kxg2 Nc2 23. Ra7 Bc5 24. Rxc7 Bxd4 25. Nb5 Bxe5 26. Rd7 h6 27. Rf2 Nb4
28. b3 Rbd8 29. Rfd2 Nc6 30. Ba3 Rxd7 31. Rxd7 Ra8 32. Rd3 Bf6 33. Bd6 Ra2+ 34.
Kg3 Rb2 35. Ba3 Be5+ 36. Kf3 Rb1 37. Ke4 Bf6 38. Nd6 Ne5 39. Re3 Nc6 40. c5 Bd4
41. Rg3 Bf2 42. Rc3 Bd4 43. Rg3 Bf2 1/2-1/2

[Event "NCL978b Gwent Dragons-Wessex"]
[Site "Rd8"]
[Date "1998.03.22"]
[Round "8.5"]
[White "Gilbert, Jonathan"]
[Black "Upton, Ian"]
[Result "0-1"]
[WhiteElo "2105"]
[BlackElo "2245"]
[PlyCount "80"]
[EventDate "1998.03.22"]

1. e4 e6 2. d4 d5 3. e5 c5 4. c3 Nc6 5. Nf3 Bd7 6. Be2 Nge7 7. Na3 Rc8 8. Nc2
Nf5 9. O-O cxd4 10. cxd4 Qb6 11. g4 Nfe7 12. Bd3 h5 13. gxh5 Rxh5 14. Ng5 Rh8
15. Qf3 Nd8 16. a4 Nf5 17. a5 Qb3 18. Bxf5 Qxf3 19. Nxf3 exf5 20. Ne3 Rh6 21.
Ng2 Rg6 22. Kh1 Rgc6 23. Bd2 Be6 24. Bc3 Be7 25. h4 Bd7 26. Kh2 Rh6 27. Rh1 Bb5
28. Bd2 Rh8 29. Kg3 Ne6 30. Nf4 Nxf4 31. Kxf4 Rc2 32. Rac1 Rxb2 33. Kxf5 Kd7
34. Kf4 Bd3 35. Ke3 Be4 36. e6+ Kxe6 37. Rhg1 Bxf3 38. Kxf3 Rxd2 39. Rc7 Bf6
40. Re1+ Kd6 0-1

[Event "NCL978b Gwent Dragons-Wessex"]
[Site "Rd8"]
[Date "1998.03.22"]
[Round "8.6"]
[White "Noyce, Robert"]
[Black "Adams, Mark"]
[Result "1/2-1/2"]
[WhiteElo "2175"]
[BlackElo "2025"]
[PlyCount "65"]
[EventDate "1998.03.22"]

1. e4 c5 2. Nc3 Nc6 3. f4 g6 4. Nf3 Bg7 5. Bb5 Nd4 6. Bd3 d6 7. Nxd4 cxd4 8.
Ne2 Nf6 9. O-O Qb6 10. Kh1 Bd7 11. c3 dxc3 12. bxc3 O-O 13. Rb1 Qc7 14. Nd4 a6
15. Qe2 e5 16. fxe5 dxe5 17. Nf3 Bc6 18. Bc2 Rac8 19. d3 h6 20. Be3 Nd7 21. Bb3
Qd6 22. Rbd1 Nc5 23. Bc2 Ne6 24. d4 exd4 25. Nxd4 Nxd4 26. cxd4 Bb5 27. Bd3
Bxd3 28. Rxd3 Qe6 29. Bf4 Rfe8 30. Re1 f5 31. e5 Red8 32. Qb2 Qd5 33. Kg1
1/2-1/2

[Event "NCL978b Gwent Dragons-Wessex"]
[Site "Rd8"]
[Date "1998.03.22"]
[Round "8.7"]
[White "Walden-Jones, Andrew"]
[Black "Brameld, Arthur"]
[Result "0-1"]
[WhiteElo "1830"]
[BlackElo "2072"]
[PlyCount "121"]
[EventDate "1998.03.22"]

1. e4 Nf6 2. Nc3 d5 3. exd5 Nxd5 4. Bc4 e6 5. Nge2 Nb6 6. Bb3 c5 7. d3 Bd7 8.
Bf4 Bc6 9. O-O Bd6 10. Bxd6 Qxd6 11. Ng3 N8d7 12. a4 Nf6 13. a5 Nbd5 14. Nce4
Qe7 15. c3 Rd8 16. Bxd5 Rxd5 17. Qc2 h5 18. Ne2 h4 19. f3 Qd8 20. Rfd1 Nxe4 21.
dxe4 Rxd1+ 22. Qxd1 Ke7 23. Qc1 f6 24. Nf4 Kf7 25. Qe3 Qd6 26. Nd3 Rh5 27. f4
c4 28. Nb4 Qc5 29. Kf2 Bxe4 30. Qxc5 Rxc5 31. a6 b6 32. Rd1 Ke7 33. Rd4 Bc6 34.
g3 hxg3+ 35. hxg3 g6 36. Ke3 Ba8 37. g4 Rc8 38. Rd2 Rh8 39. Kd4 Rd8+ 40. Ke3
Rxd2 41. Kxd2 Kd6 42. Ke3 e5 43. fxe5+ Kxe5 44. Nc2 Bc6 45. Nd4 Bd7 46. Nf3+
Kd5 47. Nd4 Bxg4 48. Nb5 Bc8 49. Nc7+ Kc6 50. Ne8 f5 51. Kf4 Bxa6 52. Kg5 Bc8
53. Nf6 Kb5 54. Kxg6 Ka4 55. Nd5 Kb3 56. Kg5 Kxb2 57. Kf4 Bb7 58. Nc7 Bc6 59.
Kxf5 Kxc3 60. Ke5 Kb2 61. Kd6 0-1

[Event "NCL978b Gwent Dragons-Wessex"]
[Site "Rd8"]
[Date "1998.03.22"]
[Round "8.8"]
[White "Howard, Emily"]
[Black "Powell, Ann"]
[Result "1-0"]
[WhiteElo "2045"]
[BlackElo "1490"]
[PlyCount "61"]
[EventDate "1998.03.22"]

1. e4 c6 2. d4 d5 3. e5 Bf5 4. Nf3 e6 5. Be2 Qb6 6. O-O c5 7. c4 dxc4 8. Bxc4
Ne7 9. dxc5 Qxc5 10. Qa4+ Nbc6 11. Bd2 Qb6 12. Na3 Nd5 13. Bxd5 exd5 14. Bc3
Bc5 15. Rad1 Be6 16. Nb5 O-O 17. Nbd4 Nxd4 18. Nxd4 Rac8 19. Kh1 Qd8 20. Nf3
Rc7 21. Qf4 Rd7 22. Nd4 Qc7 23. Rd3 Be7 24. Rg3 Qb6 25. Qh6 g5 26. f4 f6 27. f5
Qa6 28. Rg1 fxe5 29. Nxe6 Rf7 30. Bxe5 d4 31. Rxg5+ 1-0

[Event "NCL978b Nidum Kts-Guildford2"]
[Site "Rd8"]
[Date "1998.03.22"]
[Round "8.1"]
[White "Williams, Leighton"]
[Black "Shepley, Julien"]
[Result "1-0"]
[WhiteElo "2240"]
[BlackElo "2180"]
[PlyCount "109"]
[EventDate "1998.03.22"]

1. d4 d5 2. c4 e6 3. Nc3 c5 4. cxd5 cxd4 5. Qa4+ Bd7 6. Qxd4 exd5 7. Qxd5 Nc6
8. Nf3 Nf6 9. Qd1 Bc5 10. e3 Qe7 11. a3 a5 12. Be2 O-O 13. Qc2 Rac8 14. O-O Ne5
15. e4 Nfg4 16. Bf4 Ng6 17. Bg3 Rfe8 18. Qd2 Red8 19. Qg5 f6 20. Qh5 Nh6 21.
Nh4 Bd4 22. Nd5 Qxe4 23. Bf3 Qc2 24. Rad1 Bxb2 25. Nb6 Nxh4 26. Nxc8 Nxf3+ 27.
Qxf3 Qxc8 28. Qb3+ Nf7 29. Qxb2 Bc6 30. Rd4 Rxd4 31. Qxd4 a4 32. Re1 Qf5 33. h3
h6 34. Re7 Ng5 35. Qd8+ Kh7 36. Qc7 Qg6 37. Kh2 Ne4 38. f3 Nd2 39. Re1 Qd3 40.
Qd6 Qc2 41. Kg1 Qc3 42. Rd1 Nc4 43. Qd3+ Qxd3 44. Rxd3 b5 45. Bd6 Be8 46. Bb4
Bf7 47. f4 f5 48. Rd7 Be8 49. Re7 Bc6 50. Bc3 Be4 51. Rxg7+ Kh8 52. Bd4 Bc2 53.
Kh2 Bb3 54. Rb7+ Kg8 55. Bc5 1-0

[Event "NCL978b Nidum Kts-Guildford2"]
[Site "Rd8"]
[Date "1998.03.22"]
[Round "8.2"]
[White "Punnett, Alan"]
[Black "Morris, Gareth"]
[Result "1-0"]
[WhiteElo "2100"]
[BlackElo "2150"]
[PlyCount "113"]
[EventDate "1998.03.22"]

1. d4 c5 2. e4 cxd4 3. Nf3 Nc6 4. Nxd4 Nf6 5. Nc3 e5 6. Ndb5 d6 7. a4 a6 8. Na3
Be7 9. Bg5 Nb4 10. Nc4 O-O 11. Ne3 Nxe4 12. Bxe7 Nxc3 13. Qxd6 Qxd6 14. Bxd6
Ncd5 15. O-O-O Na2+ 16. Kb1 Nac3+ 17. bxc3 Nxc3+ 18. Kc1 Nxd1 19. Nxd1 Re8 20.
g3 Bd7 21. Bg2 Re6 22. Ba3 Bc6 23. Bxc6 Rxc6 24. Ne3 f6 25. Rd1 Rac8 26. Rd2
Re8 27. Rd7 b6 28. Nd5 Kh8 29. Kb2 a5 30. Kb3 Rec8 31. c3 h5 32. Rb7 Rd8 33.
Rxb6 Rxb6+ 34. Nxb6 Rd2 35. Bc5 Kg8 36. h4 Kf7 37. Nc4 Rd5 38. Bb6 g5 39. Bxa5
gxh4 40. gxh4 f5 41. Bb6 Ke6 42. Kb4 f4 43. a5 Kd7 44. a6 Kc6 45. a7 Kb7 46.
Bc5 Rd1 47. Nxe5 Rh1 48. Ng6 Rg1 49. Nxf4 Rg4 50. Be3 Rxh4 51. Kb5 Rh1 52. Nd5
Rb1+ 53. Kc4 Ra1 54. Kd3 h4 55. Nf4 Rh1 56. Ke4 h3 57. Kf3 1-0

[Event "NCL978b Nidum Kts-Guildford2"]
[Site "Rd8"]
[Date "1998.03.22"]
[Round "8.3"]
[White "Johnston, Dafydd"]
[Black "Stimpson, Phil"]
[Result "1-0"]
[WhiteElo "2099"]
[BlackElo "1960"]
[PlyCount "57"]
[EventDate "1998.03.22"]

1. d4 Nf6 2. Bg5 e6 3. e4 c5 4. e5 h6 5. Bc1 Ng8 6. c3 d6 7. Nf3 Nc6 8. exd6
cxd4 9. cxd4 Bxd6 10. Nc3 Nf6 11. Bd3 O-O 12. O-O a6 13. Be3 Nb4 14. Bb1 b5 15.
Qd2 Ng4 16. a3 Bb7 17. axb4 Bxf3 18. gxf3 Nxh2 19. Kg2 f5 20. Bf4 Nxf1 21. Kxf1
Bxb4 22. Ba2 Rf6 23. Re1 Qd7 24. d5 Qb7 25. dxe6 Qxf3 26. e7+ Kh7 27. Bd5 Qh3+
28. Bg2 Bxc3 29. bxc3 1-0

[Event "NCL978b Nidum Kts-Guildford2"]
[Site "Rd8"]
[Date "1998.03.22"]
[Round "8.4"]
[White "Morgan, Michael"]
[Black "Musson, Adam"]
[Result "0-1"]
[WhiteElo "1960"]
[BlackElo "2109"]
[PlyCount "54"]
[EventDate "1998.03.22"]

1. e4 c5 2. Nc3 Nc6 3. Nf3 g6 4. h4 h5 5. Bc4 Bg7 6. d3 d6 7. Be3 Nf6 8. Qd2
Ng4 9. Ng5 e6 10. Bf4 a6 11. f3 Nge5 12. Bb3 b5 13. Bxe5 dxe5 14. a4 b4 15. Ne2
Qe7 16. c3 Bh6 17. f4 exf4 18. Nxf4 Bxg5 19. hxg5 Qxg5 20. Qf2 O-O 21. g4 Ne5
22. Ke2 Nxg4 23. Qg3 bxc3 24. Rh4 Rb8 25. Bc2 Rxb2 26. Rc1 e5 27. Rxh5 gxh5 0-1

[Event "NCL978b Nidum Kts-Guildford2"]
[Site "Rd8"]
[Date "1998.03.22"]
[Round "8.5"]
[White "Fish, Andrew"]
[Black "Erichsen, D."]
[Result "1/2-1/2"]
[WhiteElo "2115"]
[BlackElo "1872"]
[PlyCount "56"]
[EventDate "1998.03.22"]

1. e4 d5 2. exd5 Nf6 3. d4 Bg4 4. Be2 Bxe2 5. Qxe2 Qxd5 6. Nf3 Nc6 7. Be3 e6 8.
Nc3 Bb4 9. O-O Bxc3 10. bxc3 b5 11. a4 Qc4 12. Qxc4 bxc4 13. Nd2 Na5 14. Rfb1
a6 15. Rb2 O-O 16. Nf1 Rab8 17. Rab1 Nc6 18. Bd2 Nd5 19. Ne3 Rxb2 20. Rxb2 Nxe3
21. Bxe3 Rb8 22. Rxb8+ Nxb8 23. Bf4 Nd7 24. Bxc7 Nf6 25. Kf1 Nd5 26. Ba5 f5 27.
Ke2 Kf7 28. Kd2 g5 1/2-1/2

[Event "NCL978b Nidum Kts-Guildford2"]
[Site "Rd8"]
[Date "1998.03.22"]
[Round "8.6"]
[White "Bimbatti, Gian"]
[Black "Jones, Richard S"]
[Result "0-1"]
[WhiteElo "1808"]
[BlackElo "2045"]
[PlyCount "96"]
[EventDate "1998.03.22"]

1. e4 c5 2. Nf3 d6 3. d4 cxd4 4. Nxd4 Nf6 5. Nc3 a6 6. Be2 e6 7. Be3 Be7 8. O-O
O-O 9. a4 Nc6 10. Kh1 Re8 11. Nb3 b6 12. f4 Qc7 13. Qe1 Na5 14. Nxa5 bxa5 15.
Qg3 Nd7 16. e5 Rb8 17. Bd4 d5 18. f5 Bf8 19. Bd3 Nc5 20. fxe6 Bxe6 21. Bf5 Rb4
22. Bxe6 fxe6 23. Rf4 Ne4 24. Nxe4 dxe4 25. c3 Rxb2 26. Raf1 Reb8 27. Qh3 Qc4
28. Qh5 g6 29. Qh4 Bg7 30. Qe7 R2b7 31. Qd6 g5 32. Rf7 Rxf7 33. Qxb8+ Rf8 34.
Rxf8+ Bxf8 35. Qe8 Qf1+ 36. Bg1 Qf5 37. Bd4 g4 38. Kg1 e3 39. Bxe3 Qxe5 40. Kf2
Qf5+ 41. Kg3 h5 42. Kh4 e5 {(Draw offer)} 43. Bg5 Kg7 44. Qc6 Kf7 45. Kxh5 Be7
46. Qd5+ Kg7 47. Qd2 e4 48. Qd4+ Kh7 0-1

[Event "NCL978b Nidum Kts-Guildford2"]
[Site "Rd8"]
[Date "1998.03.22"]
[Round "8.7"]
[White "Sinnett, Glyn"]
[Black "Jones, H Trevor"]
[Result "1/2-1/2"]
[WhiteElo "1965"]
[BlackElo "1816"]
[PlyCount "71"]
[EventDate "1998.03.22"]

1. d4 Nf6 2. c4 e6 3. Nc3 Bb4 4. Qc2 d5 5. e3 O-O 6. Bd3 c5 7. dxc5 dxc4 8.
Bxc4 Nc6 9. Nf3 Qa5 10. Bd2 Qxc5 11. Be2 b6 12. Rc1 Bb7 13. O-O Ne5 14. Nxe5
Qxe5 15. f4 Qc5 16. a3 Bxc3 17. Qxc3 Qxc3 18. Bxc3 Rac8 19. Bxf6 gxf6 20. Rfd1
Rxc1 21. Rxc1 Rc8 22. Rxc8+ Bxc8 23. Kf2 f5 24. Bf3 Kg7 25. Ke2 Ba6+ 26. Kd2 f6
27. Bc6 e5 28. Kc3 {(Draw offer)} Bf1 29. Kd2 Kg6 30. Ke1 Bd3 31. Kf2 Kf7 32.
Ke1 Ke6 33. Kd2 Be4 34. Bxe4 fxe4 35. g4 exf4 36. exf4 1/2-1/2

[Event "NCL978b Nidum Kts-Guildford2"]
[Site "Rd8"]
[Date "1998.03.22"]
[Round "8.8"]
[White "Lusher, Claire"]
[Black "Wilson, Julie"]
[Result "1/2-1/2"]
[WhiteElo "1784"]
[BlackElo "1728"]
[PlyCount "62"]
[EventDate "1998.03.22"]

1. e4 e6 2. d4 d5 3. exd5 exd5 4. Bd3 Bd6 5. Nf3 Bg4 6. O-O Nd7 7. Re1+ Ne7 8.
h3 Bh5 9. Bg5 f6 10. Be3 Bf7 11. c3 c5 12. dxc5 Nxc5 13. Bxc5 Bxc5 14. Qa4+ Kf8
15. Qb5 Qc7 16. Nbd2 a6 17. Qb3 Rc8 18. Qc2 Qb6 19. Nb3 Bd6 20. Nbd4 g6 21. Re2
Nc6 22. Ne6+ Bxe6 23. Rxe6 Nb4 24. Qe2 Nxd3 25. Rxf6+ Kg7 26. Qe6 Qxf2+ 27. Kh1
Nf4 28. Qf7+ Kh6 29. Rxf4 Bxf4 30. Qxf4+ Kg7 31. Qe5+ Kh6 1/2-1/2

[Event "NCL978b Witney-White Rose"]
[Site "Rd8"]
[Date "1998.03.22"]
[Round "8.1"]
[White "Hunt, Adam"]
[Black "Dunnington, Angus"]
[Result "1-0"]
[WhiteElo "2255"]
[BlackElo "2390"]
[PlyCount "61"]
[EventDate "1998.03.22"]

1. e4 d5 2. exd5 Nf6 3. d4 Nxd5 4. Be2 g6 5. Nf3 Bg7 6. O-O O-O 7. c4 Nb6 8. h3
Nc6 9. c5 Nd5 10. Nc3 e5 11. Bg5 Qd7 12. dxe5 Nxc3 13. bxc3 Nxe5 14. Qb3 Qf5
15. Be3 b6 16. Nxe5 Qxe5 17. Bf3 Rb8 18. Qa4 bxc5 {(Draw offer)} 19. Qxa7 Rb6
20. Rfe1 Ra6 21. Bxc5 Rxa7 22. Rxe5 Bxe5 23. Bxa7 Bxc3 24. Rc1 Be5 25. a4 Rd8
26. a5 Ba6 27. Be3 Rb8 28. g3 h5 29. Rc6 Bb7 30. a6 Bxc6 31. Bxc6 1-0

[Event "NCL978b Witney-White Rose"]
[Site "Rd8"]
[Date "1998.03.22"]
[Round "8.2"]
[White "Dearing, Eddie"]
[Black "Cooksey, Paul"]
[Result "1-0"]
[WhiteElo "2295"]
[BlackElo "2185"]
[PlyCount "45"]
[EventDate "1998.03.22"]

1. d4 Nf6 2. c4 e6 3. Nc3 Bb4 4. Qc2 O-O 5. a3 Bxc3+ 6. Qxc3 b6 7. Bg5 c5 8.
dxc5 bxc5 9. e3 Nc6 10. Bd3 h6 11. Bh4 Rb8 12. Ne2 e5 13. f3 d6 14. O-O Qb6 15.
Rab1 Be6 16. f4 Ne8 17. f5 Bd7 18. f6 Qb3 19. fxg7 Kxg7 20. Qd2 f5 21. Ng3 e4
22. Nh5+ Kg8 23. Bxe4 1-0

[Event "NCL978b Witney-White Rose"]
[Site "Rd8"]
[Date "1998.03.22"]
[Round "8.3"]
[White "Headlong, Tim"]
[Black "Barrett, Stephen"]
[Result "1/2-1/2"]
[WhiteElo "2260"]
[BlackElo "2240"]
[PlyCount "85"]
[EventDate "1998.03.22"]

1. Nf3 Nf6 2. c4 g6 3. Nc3 Bg7 4. e4 d6 5. d4 O-O 6. Be2 Bg4 7. Be3 e5 8. dxe5
dxe5 9. Qb3 Nbd7 10. h3 Bxf3 11. Bxf3 c6 12. O-O Qc7 13. Rfd1 Rfd8 14. Rd2 Bf8
15. Rad1 Nc5 16. Qc2 Ne6 17. Ne2 Bb4 18. Rxd8+ Rxd8 19. Ng3 Bc5 20. Qb3 Bd4 21.
Kh2 Kg7 22. a3 Nc5 23. Qc2 Bxe3 24. fxe3 Ne6 25. Rxd8 Qxd8 26. Qc3 Qd6 27. b4
b6 28. Be2 h5 29. Bd3 c5 30. b5 h4 31. Nh1 Ng5 32. Nf2 Kg8 33. a4 Nd7 34. Kg1
Nf6 35. Kh2 Kh7 36. Kg1 Nh5 37. Qc2 Ng3 38. Qb3 Kg7 39. Qc2 Kh7 40. Qb3 f6 41.
Qc2 Kg7 42. Qb1 Qe6 43. Nh1 1/2-1/2

[Event "NCL978b Witney-White Rose"]
[Site "Rd8"]
[Date "1998.03.22"]
[Round "8.4"]
[White "Potts, Alan"]
[Black "Devereaux, Maxim"]
[Result "0-1"]
[WhiteElo "2290"]
[BlackElo "2264"]
[PlyCount "72"]
[EventDate "1998.03.22"]

1. e4 c5 2. Nf3 Nc6 3. Bb5 g6 4. c3 Nf6 5. e5 Nd5 6. O-O Bg7 7. Re1 O-O 8. d4
cxd4 9. cxd4 d6 10. Nc3 Nxc3 11. bxc3 Bg4 12. exd6 exd6 13. h3 Bf5 14. Bf4 a6
15. Bd3 Bxd3 16. Qxd3 d5 17. Rab1 Qd7 18. Rb6 Rac8 19. Qb1 Nd8 20. Rc1 Qa4 21.
Rd6 Ne6 22. Be5 Bxe5 23. Nxe5 Qa3 24. Rxe6 fxe6 25. Nxg6 Rf6 26. Ne5 b5 27. Rf1
Qxc3 28. Qd1 Rc7 29. Qh5 Rf8 30. Qg4+ Kh8 31. Qxe6 Qxd4 32. Qh6 Rf5 33. Nf3
Rxf3 34. gxf3 Rg7+ 35. Kh2 Qe5+ 36. Kh1 Qe2 0-1

[Event "NCL978b Witney-White Rose"]
[Site "Rd8"]
[Date "1998.03.22"]
[Round "8.5"]
[White "Rose, Matthew"]
[Black "Tan, Desmond"]
[Result "1/2-1/2"]
[WhiteElo "2176"]
[BlackElo "2110"]
[PlyCount "55"]
[EventDate "1998.03.22"]

1. e4 c5 2. Nc3 Nc6 3. Nge2 g6 4. g3 Bg7 5. Bg2 e6 6. d3 Nge7 7. O-O O-O 8. Bg5
Rb8 9. Qd2 b5 10. Bh6 Bxh6 11. Qxh6 b4 12. Nd1 Nd4 13. Qd2 Nxe2+ 14. Qxe2 Bb7
15. f4 d6 16. Ne3 f5 17. a3 a5 18. axb4 axb4 19. exf5 exf5 20. Nc4 Bxg2 21.
Kxg2 Qd7 22. Rfe1 Nc6 23. Qe6+ Qxe6 24. Rxe6 Nd4 25. Rxd6 Nxc2 26. Ra5 Rfd8 27.
Kf2 Rxd6 28. Nxd6 1/2-1/2

[Event "NCL978b Witney-White Rose"]
[Site "Rd8"]
[Date "1998.03.22"]
[Round "8.6"]
[White "Palliser, Richard"]
[Black "Dickinson, Tim"]
[Result "1-0"]
[WhiteElo "2165"]
[BlackElo "2180"]
[PlyCount "55"]
[EventDate "1998.03.22"]

1. d4 e6 2. c4 Nf6 3. Nc3 Bb4 4. e3 b6 5. Nge2 Bb7 6. Qc2 O-O 7. a3 Be7 8. e4
d6 9. Ng3 Nbd7 10. Be2 e5 11. d5 a5 12. O-O Nc5 13. Be3 g6 14. b4 axb4 15. axb4
Ncd7 16. Rxa8 Qxa8 17. Qb2 c5 18. dxc6 Bxc6 19. Nd5 Bxd5 20. cxd5 h5 21. f3 h4
22. Ra1 Qb7 23. Nf1 Ra8 24. Rxa8+ Qxa8 25. Bb5 Qa7 26. Qc2 Bd8 27. Bg5 h3 28.
Qc8 1-0